[Event "Noale Szabados Memorial-B 5th"]
[Site "Noale"]
[Date "2012.02.04"]
[Round "3"]
[White "Dal Bianco, Nicola"]
[Black "Roncato, Antonio"]
[Result "0-1"]
[WhiteElo "1660"]
[BlackElo "1845"]
[PlyCount "142"]
[EventDate "2012.02.03"]
[EventType "swiss"]
[EventRounds "5"]
[EventCountry "ITA"]
[SourceTitle "EXT 2022"]
[Source "ChessBase"]
[SourceDate "2021.10.06"]
[SourceVersion "1"]
[SourceVersionDate "2021.10.06"]
[SourceQuality "1"]

1. c4 Nf6 2. Nc3 e5 3. Nf3 Nc6 4. g3 Bc5 5. Bg2 0-0 6. 0-0 Re8 7. d3 a5 8. a3 Ba7 9. Nb5 Bb6 10. Qc2 d6 11. Bd2 Bg4 12. e3 e4 13. dxe4 Nxe4 14. Nfd4 Nxd4 15. Nxd4 Nxd2 16. Qxd2 Qc8 17. Rfc1 a4 18. Nb5 Bh3 19. Bh1 Bd7 20. Nc3 Ba5 21. Qd3 Bxc3 22. Rxc3 Ra5 23. Rd1 b6 24. Re1 Re7 25. f4 Rc5 26. Qd4 Qe8 27. e4 f6 28. Bf3 Bc6 29. Kf2 f5 30. Rce3 Bxe4 31. Bxe4 fxe4 32. Rxe4 Rxe4 33. Rxe4 Qf7 34. Qd3 Kf8 35. Qe2 d5 36. cxd5 Rxd5 37. Rxa4 Qd7 38. Re4 Kf7 39. g4 Qd6 40. g5 b5 41. h4 c6 42. h5 Qc7 43. Kf3 Qd6 44. g6+ hxg6 45. hxg6+ Qxg6 46. Re7+ Kf8 47. Re5 Rd3+ 48. Re3 Rd4 49. Qh2 Kg8 50. Qh3 Rd8 51. Qe6+ Qf7 52. Qxc6 Qh5+ 53. Ke4 Re8+ 54. Kd4 Qd1+ 55. Rd3 Rd8+ 56. Kc5 Qxd3 57. Qe6+ Kf8 58. b4 Rd7 59. Qe5 Rd8 60. Qe6 Qc4+ 61. Qxc4 bxc4 62. Kxc4 Ke7 63. Kc5 Kd7 64. b5 Kc7 65. a4 Ra8 66. b6+ Kb7 67. Kb5 Rf8 68. a5 Rf5+ 69. Kb4 Rxf4+ 70. Kb5 Rf5+ 71. Kb4 g5 0-1

[Event "Noale Szabados Memorial-B 5th"]
[Site "Noale"]
[Date "2012.02.03"]
[Round "1"]
[White "Roncato, Antonio"]
[Black "Schiera, Ignazio"]
[Result "1-0"]
[WhiteElo "1845"]
[BlackElo "1503"]
[PlyCount "53"]
[EventDate "2012.02.03"]
[EventType "swiss"]
[EventRounds "5"]
[EventCountry "ITA"]
[SourceTitle "EXT 2022"]
[Source "ChessBase"]
[SourceDate "2021.10.06"]
[SourceVersion "1"]
[SourceVersionDate "2021.10.06"]
[SourceQuality "1"]

1. d4 d6 2. c4 g6 3. Nc3 Bg7 4. Nf3 Nf6 5. g3 c6 6. Bg2 Qb6 7. 0-0 0-0 8. b3 Na6 9. Bb2 Nc7 10. Qc2 Ne6 11. Rfd1 Qc7 12. Rac1 Nd7 13. e4 Nd8 14. b4 b6 15. b5 c5 16. Nd5 Qb7 17. Nxe7+ Kh8 18. e5 Nxe5 19. dxe5 Qxe7 20. exd6 Qd7 21. Ne5 Bxe5 22. Bxe5+ Kg8 23. Bxa8 Bb7 24. Bxb7 Nxb7 25. Qe4 Nd8 26. Qf4 Ne6 27. Qf6 1-0